Statistics for Countries, US States, Capitals, Elements, 100 Most Common Words: Starting with V

Click here to take the quiz!

General Stats

  • This quiz has been taken 6,582 times
  • The average score is 10 of 14

Answer Stats

ANSWER% Correct
Venezuela
89%
Vanuatu
82%
Vietnam
82%
Vatican City
80%
Vatican City
80%
Virginia
79%
Vermont
75%
Vienna
64%
Vilnius
63%
Vaduz
62%
Vanadium
60%
Valletta
54%
Vientiane
53%
Victoria
49%

Score Distribution

Percentile by Number Answered

Percent of People with Each Score

Your Score History

You have not taken this quiz